Games with highest E-Sports Prize Money - Statistics

General Stats
  • This quiz has been taken 46 times
  • The average score is 7 of 20
Answer Stats
Money in $ Game % Correct
192,915,482 Fortnite
87%
13,854,809 Call of Duty: Warzone
76%
116,693,866 League of Legends
76%
162,737,245 Counter-Strike: Global Offensive
71%
32,701,184 VALORANT
66%
43,417,662 Rocket League
55%
365,924,784 Dota 2
53%
35,274,412 Overwatch
47%
66,987,707 PLAYERUNKNOWN’S BATTLEGROUNDS
34%
27,123,317 Counter-Strike 2
32%
49,365,252 Rainbow Six Siege
32%
26,803,237 Apex Legends
29%
42,731,386 StarCraft II
26%
17,019,451 Mobile Legends: Bang Bang
13%
31,231,683 Hearthstone
11%
87,444,954 PLAYERUNKNOWN'S BATTLEGROUNDS Mobile
5%
18,141,992 Free Fire
3%
109,438,707 Arena of Valor
0%
25,408,357 CrossFire
0%
18,466,719 Heroes of the Storm
0%
No matching quizzes found
Score Distribution
Percent of People with Each Score
Percentile by Number Answered
Your Score History
You have not taken this quiz